Home Print Resources E-Books E-Journals IIMT Lecture Series Library Membership Form Book Recommendation Form Campus Tour Take AdmissionAbout Us Contact Us

THE BOOK OF YOGA (Record no. 65016)

000 -LEADER
fixed length control field 00371nam a22001457a 4500
003 - CONTROL NUMBER IDENTIFIER
control field OSt
005 - DATE AND TIME OF LATEST TRANSACTION
control field 20250117143858.0
008 - FIXED-LENGTH DATA ELEMENTS--GENERAL INFORMATION
fixed length control field 250117b |||||||| |||| 00| 0 eng d
040 ## - CATALOGING SOURCE
Transcribing agency IIMT COLLEGE OF ENGINEERING ,GREATER NOIDA
100 ## - MAIN ENTRY--PERSONAL NAME
Personal name VIVEKANAND,SWAMI
245 ## - TITLE STATEMENT
Title THE BOOK OF YOGA
260 ## - PUBLICATION, DISTRIBUTION, ETC.
Place of publication, distribution, etc. NEW DELHI
Name of publisher, distributor, etc. JAICO PUB HOUSE
Date of publication, distribution, etc. 2024
300 ## - PHYSICAL DESCRIPTION
Extent 481
942 ## - ADDED ENTRY ELEMENTS (KOHA)
Source of classification or shelving scheme
Koha item type Reference Book
Holdings
Withdrawn status Lost status Source of classification or shelving scheme Damaged status Not for loan Home library Current library Date acquired Source of acquisition Cost, normal purchase price Inventory number Full call number Barcode Date last seen Copy number Price effective from Koha item type
          NOIDA IIMT College of Engineering B.Tech NOIDA IIMT College of Engineering B.Tech 01/17/2025 BANSAL 499.00 186/25/01/2025 613.7046 SWA 08-B-49022 01/17/2025 RR 01/17/2025 Reference Book
IIMT, Central Library. All Rights Reserved IIMT,UNIVERSITY © 2023
Implemented and Customised by I CLOUDE EMS
You Are OPAC Visitor No
free web counter

Powered by Koha